Top 10 Most Streamed - Kendrick Lamar - Statistics

General Stats
  • This quiz has been taken 34 times
  • The average score is 7 of 10
Answer Stats
Amount Of Streams Album Song % Correct
2,745,623,022 DAMN. HUMBLE.
96%
2,616,057,699 [Black Panther The Album] All The Stars
93%
1,386,622,320 DAMN. DNA.
85%
2,015,220,596 Good Kid, M.A.A.D City Money Trees
81%
1,674,568,813 (Single) Not Like Us
81%
1,725,690,199 DAMN. LOVE. FEAT. ZACARI
78%
1,186,055,714 GNX luther
78%
1,069,884,095 DAMN. PRIDE.
63%
1,111,900,369 [Black Panther The Album] Pray For Me
33%
1,073,719,639 (Single) family ties
15%
No matching quizzes found
Score Distribution
Percent of People with Each Score
Percentile by Number Answered
Your Score History
You have not taken this quiz